• 首页
  • 本馆介绍
  • 公告通知
  • 最新文献
  • 馆藏检索
  • 电子资源
  • 读者导购
  • 参考咨询
  • 我的图书馆
  • 登录
  • 详细信息显示
  • 放入我的书架
  • 预约/预借图书
  • 作者相关作品
  • 分类相关作品
  • 丛书相关作品
  • 出版社相关作品

书目信息

  • 表格格式
  • 工作单格式
  • 卡片格式
题名:
宝宝常见病预防调养食谱
    
 
作者: 邹春蕾 著
分册:  
出版信息: 北京   北京科学技术出版社  2016.06
页数: 207页
开本: 24cm
丛书名:
单 册:
中图分类: R272.05
科图分类:
主题词: 婴幼儿--常见病--食物疗法--食谱
电子资源:
ISBN: 978-7-5304-8183-7
000 00895nam0 2200253 450
001 0120161939088
005 20170908091501.28
010    @a978-7-5304-8183-7@dCNY39.80
100    @a20160701d2016 em y0chiy50 ea
101 0  @achi
102    @aCN@b110000
105    @aa z 000yy
106    @ar
200 1  @a宝宝常见病预防调养食谱@9bao bao chang jian bing yu fang diao yang shi pu@f邹春蕾著
205    @a2版
210    @a北京@c北京科学技术出版社@d2016.06
215    @a207页@c图,照片@d24cm
330    @a本书共分为小儿生理发育特点;小儿健康基本守则;小儿常见问题预防调养食谱;小儿常见病食闻及护理四章,其内容包括:小儿的8种体质;小儿五脏:三不足两有余;食物是营养的最佳来源等。
333    @a家庭父母
606 0  @a婴幼儿@x常见病@x食物疗法@x食谱
690    @aR272.05@v5
701  0 @a邹春蕾@9zou chun lei@4著
801  0 @aCN@b人天书店@c20160701
905    @b992692-97@dR272.05@e400=2@f6
    
    宝宝常见病预防调养食谱/邹春蕾著.-2版.-北京:北京科学技术出版社,2016.06
    207页:图,照片;24cm
    使用对象:家庭父母
    
    ISBN 978-7-5304-8183-7:CNY39.80
    本书共分为小儿生理发育特点;小儿健康基本守则;小儿常见问题预防调养食谱;小儿常见病食闻及护理四章,其内容包括:小儿的8种体质;小儿五脏:三不足两有余;食物是营养的最佳来源等。
●
相关链接 在E读中查询图书 在五车中查询图书 在当当中查询图书 在豆瓣中查询图书


正题名:宝宝常见病预防调养食谱     索取号:R272.05/400=2         预约/预借

序号 登录号 条形码 馆藏地/架位号 状态 备注
1 992692   209926927   第二样本阅览室/ [索取号:R272.05/400=2] 在馆    
2 992693   209926936   第三借阅区/ [索取号:R272.05/400=2] 在馆    
3 992694   209926945   第三借阅区/ [索取号:R272.05/400=2] 在馆    
4 992695   209926954   第三借阅区/ [索取号:R272.05/400=2] 在馆    
5 992696   209926963   第三借阅区/ [索取号:R272.05/400=2] 已借出,限还日期为2022.10.03
借出人:赵自雨  
 
6 992697   209926972   第三借阅区/ [索取号:R272.05/400=2] 在馆    
唐山师范学院图书馆 欢迎您!
大连网信软件有限公司© 版权所有